[Event "SC Erlangen 48/88 e.V. 2-SW Nürnberg Süd"]
[Site "?"]
[Date "2013.01.27"]
[Round "1.5"]
[White "Lais, Thomas"]
[Black "Brumm, Carsten"]
[Result "0-1"]
[WhiteElo "1878"]
[BlackElo "2119"]
[PlyCount "64"]
[EventDate "2013.??.??"]
[WhiteTeam "SW Nürnberg Süd e.V. 3"]
[BlackTeam "SC Erlangen 48/88 e.V. 2"]

1. e4 c5 2. Nf3 Nc6 3. d4 cxd4 4. Nxd4 Nf6 5. Nc3 d6 6. Bc4 e6 7. Be3 Be7 8.
Qe2 O-O 9. O-O-O Qc7 10. Bb3 Bd7 11. Rhg1 Rfc8 12. g4 Nxd4 13. Bxd4 Be8 14. g5
Nd7 15. Rg3 Nc5 16. Bf6 Bf8 17. Qh5 Nxb3+ 18. axb3 Qa5 19. Rdg1 Rc5 20. Kb1
Rac8 21. f4 Qb6 22. e5 Ra5 23. exd6 Qa6 24. Kc1 Ra1+ 25. Kd2 Qxd6+ 26. Ke3 Rxg1
27. Rxg1 Bc6 28. Be5 Qc5+ 29. Bd4 Qf5 30. Qe2 b5 31. Qd2 Rd8 32. Rg3 Rxd4 0-1

[Event "SC Erlangen 48/88 e.V. 2-SW Nürnberg Süd"]
[Site "?"]
[Date "2013.01.27"]
[Round "1.6"]
[White "Dürr, Florian"]
[Black "Stolpynskyy, Mark"]
[Result "1-0"]
[WhiteElo "1830"]
[BlackElo "1950"]
[PlyCount "75"]
[EventDate "2013.??.??"]
[WhiteTeam "SC Erlangen 48/88 e.V. 2"]
[BlackTeam "SW Nürnberg Süd e.V. 3"]

1. c4 c6 2. Nf3 d5 3. cxd5 cxd5 4. g3 Nc6 5. d4 Nf6 6. Bg2 g6 7. Nc3 Bg7 8. Ne5
O-O 9. O-O e6 10. Bf4 Nh5 11. Nxc6 bxc6 12. Na4 Nxf4 13. gxf4 f6 14. Rc1 Qd6
15. e3 e5 16. dxe5 Qe7 17. exf6 Bxf6 18. Rxc6 Kh8 19. Rc5 Bb7 20. Qc2 Rac8 21.
Rc1 Rxc5 22. Nxc5 Rc8 23. b4 Rc7 24. Qb3 a5 25. a3 axb4 26. axb4 g5 27. f5 Qe5
28. Qd3 g4 29. Rd1 Be7 30. Bxd5 Bc8 31. e4 Bd6 32. Qd4 g3 33. hxg3 Qxd4 34.
Rxd4 Kg7 35. Kg2 h5 36. Rc4 Kf6 37. f4 Bf8 38. e5+ 1-0

[Event "SC Erlangen 48/88 e.V. 2-SW Nürnberg Süd"]
[Site "?"]
[Date "2013.01.27"]
[Round "1.7"]
[White "Pidtoptanyy, Igor"]
[Black "Adelhütte, Dennis"]
[Result "1/2-1/2"]
[WhiteElo "1871"]
[BlackElo "1925"]
[PlyCount "55"]
[EventDate "2013.??.??"]
[WhiteTeam "SW Nürnberg Süd e.V. 3"]
[BlackTeam "SC Erlangen 48/88 e.V. 2"]

1. e4 e6 2. d4 d5 3. exd5 exd5 4. Bd3 Nf6 5. Ne2 Bd6 6. Nbc3 c6 7. O-O O-O 8.
Bf4 Bg4 9. f3 Bh5 10. Qd2 Bg6 11. Bxg6 fxg6 12. Bxd6 Qxd6 13. Ng3 Na6 14. Rad1
Rae8 15. Rfe1 Nc7 16. a3 Ne6 17. Kh1 Nd7 18. Re3 Nb6 19. b3 Qxa3 20. Ree1 Qb4
21. Nge2 Nc8 22. Qe3 Nf4 23. Qf2 Nxe2 24. Nxe2 Nd6 25. Ra1 a6 26. Ng3 Ne4 27.
Nxe4 dxe4 28. -- {Der Rest der Partie ist nicht rekonsturierbar. Die
Partieformulare stimmen bis Zug ...27. dxe4 überein, danach nicht mehr.
Angeblich soll laut einem Partieformular 28. Taf1 kommen (was offensichtlich
nicht geht), auf dem anderen stehen ganz andere Züge, die überhaupt keinen
Sinn mehr machen. Auch die Möglichkeit Tef1 geht nicht, weil in Zug 31 der
Turm nach e2 soll.} 1/2-1/2

[Event "SC Erlangen 48/88 e.V. 2-SW Nürnberg Süd"]
[Site "?"]
[Date "2013.01.27"]
[Round "1.8"]
[White "Wallis, Frank"]
[Black "Fuchs, Johann"]
[Result "1/2-1/2"]
[WhiteElo "1886"]
[BlackElo "1897"]
[PlyCount "32"]
[EventDate "2013.??.??"]
[WhiteTeam "SC Erlangen 48/88 e.V. 2"]
[BlackTeam "SW Nürnberg Süd e.V. 3"]

1. d4 Nf6 2. Nf3 g6 3. g3 d5 4. Bg2 Bg7 5. O-O O-O 6. Nbd2 c6 7. Re1 Ne4 8. c3
f5 9. Ne5 Nd7 10. f4 Qb6 11. Qb3 Ndf6 12. e3 Nxd2 13. Bxd2 Ne4 14. Red1 Be6 15.
Be1 Rfd8 16. Rac1 Rac8 1/2-1/2

[Event "SC Noris-Tarrasch N 1873 e.V. 3-SK Schwa"]
[Site "?"]
[Date "2013.01.27"]
[Round "1.1"]
[White "Manthey, Frank"]
[Black "Martin, Thomas"]
[Result "1/2-1/2"]
[WhiteElo "2067"]
[BlackElo "2205"]
[PlyCount "58"]
[EventDate "2013.??.??"]
[WhiteTeam "SK Schwanstetten 79 e.V. 1"]
[BlackTeam "SC Noris-Tarrasch N 1873 e.V. 3"]

1. e4 e6 2. d4 d5 3. Nc3 Bb4 4. e5 b6 5. Qg4 Bf8 6. Bb5+ c6 7. Ba4 a5 8. a3 Ba6
9. Nce2 Qd7 10. c3 Bd3 11. Qg3 Bf5 12. Nf3 h6 13. h4 h5 14. Qf4 Ne7 15. Ng3 Bg6
16. O-O Na6 17. Re1 Nc7 18. Bd2 Ra7 19. Ng5 Na8 20. Bc2 b5 21. Qf3 Nb6 22. Bd3
Nc4 23. Bc1 a4 24. Ne2 Bf5 25. Nf4 g6 26. Bxf5 Nxf5 27. g3 Bg7 28. Nd3 Bf8 29.
Nh3 Bh6 1/2-1/2

[Event "SC Noris-Tarrasch N 1873 e.V. 3-SK Schwa"]
[Site "?"]
[Date "2013.01.27"]
[Round "1.2"]
[White "Wulfmeyer, Johannes"]
[Black "Kroneder, Christian"]
[Result "1/2-1/2"]
[WhiteElo "2116"]
[BlackElo "1973"]
[PlyCount "94"]
[EventDate "2013.??.??"]
[WhiteTeam "SC Noris-Tarrasch N 1873 e.V. 3"]
[BlackTeam "SK Schwanstetten 79 e.V. 1"]

1. c4 Nf6 2. g3 e5 3. Bg2 c6 4. d4 Bb4+ 5. Bd2 Bxd2+ 6. Qxd2 e4 7. Nc3 d5 8.
cxd5 cxd5 9. f3 O-O 10. fxe4 Nxe4 11. Nxe4 dxe4 12. e3 Re8 13. Ne2 Nd7 14. Rc1
Nf6 15. O-O Be6 16. Nc3 Bd5 17. Nxd5 Nxd5 18. h4 Qd6 19. Qf2 Re7 20. Qf5 Rae8
21. Rc8 Qe6 22. Rxe8+ Rxe8 23. Bxe4 Qxf5 24. Rxf5 Nxe3 25. Rc5 b6 26. Rc7 g6
27. Bc6 Re6 28. d5 Rd6 29. Rxa7 Nxd5 30. Bb5 Rf6 31. a4 h5 32. Ra8+ Kg7 33. Re8
Rf3 34. Kg2 Rb3 35. Re2 Ne3+ 36. Kh2 Nf5 37. Rf2 f6 38. Bc4 Re3 39. Rg2 Nd4 40.
Rf2 Nf5 41. Rg2 g5 42. hxg5 fxg5 43. b4 g4 44. a5 bxa5 45. bxa5 Rc3 46. Be2 Ra3
47. a6 Nd4 1/2-1/2

[Event "SC Noris-Tarrasch N 1873 e.V. 3-SK Schwa"]
[Site "?"]
[Date "2013.01.27"]
[Round "1.3"]
[White "Cipra, Lothar"]
[Black "Seeger, Peter"]
[Result "1/2-1/2"]
[WhiteElo "1953"]
[BlackElo "2018"]
[PlyCount "106"]
[EventDate "2013.??.??"]
[WhiteTeam "SK Schwanstetten 79 e.V. 1"]
[BlackTeam "SC Noris-Tarrasch N 1873 e.V. 3"]

1. d4 Nf6 2. c4 g6 3. Nc3 d5 4. cxd5 Nxd5 5. e4 Nxc3 6. bxc3 Bg7 7. Bc4 O-O 8.
Ne2 c5 9. O-O Nc6 10. Be3 Qc7 11. Qc1 Rd8 12. Rb1 e6 13. Rd1 Bd7 14. Bf4 e5 15.
Bg5 Rdc8 16. d5 Na5 17. d6 Qc6 18. Bb5 Qxb5 19. Rxb5 Bxb5 20. d7 Rd8 21. Bxd8
Rxd8 22. Ng3 Bf6 23. Nf1 Ba4 24. Rd5 Bc6 25. Rd1 Ba4 26. Rd3 Bb5 27. c4 Bc6 28.
Qc3 b6 29. Ne3 Bxe4 30. Nd5 Bg7 31. Rd1 Kf8 32. Qe3 Bf5 33. Qg5 Rxd7 34. Ne3 h6
35. Qg3 Rxd1+ 36. Nxd1 Nxc4 37. Qh4 Nd6 38. Qd8+ Ne8 39. Qa8 Bf6 40. Qxa7 Bd8
41. Ne3 Be6 42. Qa8 Bc7 43. a3 Ke7 44. Qe4 Nf6 45. Qc6 Bd8 46. f3 Bd7 47. Qb7
b5 48. Nd5+ Nxd5 49. Qxd5 Bc7 50. Qxc5+ Bd6 51. Qc1 g5 52. Qc3 h5 53. g3 f6
1/2-1/2

[Event "SC Noris-Tarrasch N 1873 e.V. 3-SK Schwa"]
[Site "?"]
[Date "2013.01.27"]
[Round "1.4"]
[White "Karasek, Christian"]
[Black "Arlt, Michael"]
[Result "1/2-1/2"]
[WhiteElo "2002"]
[BlackElo "1925"]
[PlyCount "106"]
[EventDate "2013.??.??"]
[WhiteTeam "SC Noris-Tarrasch N 1873 e.V. 3"]
[BlackTeam "SK Schwanstetten 79 e.V. 1"]

1. e4 d5 2. exd5 Qxd5 3. Nc3 Qa5 4. d4 Nf6 5. Nf3 c6 6. Bc4 Bg4 7. Bd2 e6 8. h3
Bxf3 9. Qxf3 Qb6 10. Qe3 Be7 11. O-O O-O 12. Bb3 Rd8 13. Ne2 c5 14. Bc3 Nc6 15.
dxc5 Bxc5 16. Qg5 h6 17. Qh4 Nd4 18. Ng3 a5 19. Rac1 Nxb3 20. axb3 Bd4 21. Ne2
Bxc3 22. Nxc3 Rd4 23. Qg3 Rad8 24. Qf3 Rd2 25. Rfd1 Qc7 26. Rxd2 Rxd2 27. Qe3
Qd8 28. Kf1 Rd7 29. Ke2 Nd5 30. Nxd5 Rxd5 31. c4 Rg5 32. g4 Qf6 33. Qc3 Re5+
34. Kf1 Qf4 35. Rd1 h5 36. Rd4 Re4 37. Rd8+ Kh7 38. Qd3 f5 39. gxf5 exf5 40.
Qg3 Qxg3 41. fxg3 Re3 42. Rd5 Rxb3 43. Rxf5 Kg6 44. Rxa5 Rxb2 45. h4 Rb4 46.
Rg5+ Kf6 47. c5 g6 48. Kf2 Re4 49. Rd5 Re5 50. Rd7 Rxc5 51. Rxb7 Kf5 52. Rb4
Re5 53. Kf3 Rc5 1/2-1/2

[Event "SC Noris-Tarrasch N 1873 e.V. 3-SK Schwa"]
[Site "?"]
[Date "2013.01.27"]
[Round "1.5"]
[White "Leonhardt, Frank"]
[Black "Reiser, Wolfgang"]
[Result "1/2-1/2"]
[WhiteElo "1886"]
[BlackElo "2000"]
[PlyCount "47"]
[EventDate "2013.??.??"]
[WhiteTeam "SK Schwanstetten 79 e.V. 1"]
[BlackTeam "SC Noris-Tarrasch N 1873 e.V. 3"]

1. e4 e5 2. Nf3 Nc6 3. Bb5 f5 4. d3 fxe4 5. dxe4 Nf6 6. Bg5 d6 7. O-O Be7 8.
Qd3 Be6 9. Nc3 O-O 10. Bc4 Qd7 11. Bxf6 Bxf6 12. Bxe6+ Qxe6 13. Qd5 Rae8 14.
Qxe6+ Rxe6 15. Nd5 Bd8 16. c3 Rg6 17. Nd2 Bg5 18. Rad1 Bxd2 19. Rxd2 Rf7 20. f3
Nd8 21. Kf2 Ne6 22. Rc1 h5 23. Ke3 Kf8 24. Kd3 1/2-1/2

[Event "SC Noris-Tarrasch N 1873 e.V. 3-SK Schwa"]
[Site "?"]
[Date "2013.01.27"]
[Round "1.6"]
[White "Krauß, Hermann"]
[Black "Vogt, Peter"]
[Result "1-0"]
[WhiteElo "1987"]
[BlackElo "1885"]
[PlyCount "77"]
[EventDate "2013.??.??"]
[WhiteTeam "SC Noris-Tarrasch N 1873 e.V. 3"]
[BlackTeam "SK Schwanstetten 79 e.V. 1"]

1. c4 c5 2. Nf3 Nf6 3. d4 cxd4 4. Nxd4 a6 5. Nc3 d6 6. e4 e6 7. Be2 Be7 8. Be3
Qc7 9. f3 b6 10. O-O O-O 11. Qd2 Bb7 12. Rac1 Nbd7 13. Rfd1 Rac8 14. Bf1 Ne5
15. b3 Rfe8 16. Nde2 Bf8 17. Nf4 Qb8 18. Na4 b5 19. cxb5 Rxc1 20. Rxc1 axb5 21.
Bxb5 Rc8 22. Rxc8 Qxc8 23. Qc3 Qa8 24. h3 h6 25. Kh1 Nh7 26. Ne2 Ng5 27. Nd4
Be7 28. Qc7 Bf6 29. Nc3 d5 30. f4 Nxe4 31. Nxe4 dxe4 32. fxe5 Bh4 33. a4 Bd5
34. Bc6 Qa6 35. Bb5 Qa8 36. Kh2 Qf8 37. Qd6 Qa8 38. Bc6 Qa5 39. b4 1-0

[Event "SC Noris-Tarrasch N 1873 e.V. 3-SK Schwa"]
[Site "?"]
[Date "2013.01.27"]
[Round "1.7"]
[White "Schulz, Wilfried"]
[Black "Lutzky, Manfred"]
[Result "1/2-1/2"]
[WhiteElo "1817"]
[BlackElo "1923"]
[PlyCount "36"]
[EventDate "2013.??.??"]
[WhiteTeam "SK Schwanstetten 79 e.V. 1"]
[BlackTeam "SC Noris-Tarrasch N 1873 e.V. 3"]

1. e4 e5 2. Nf3 Nc6 3. d4 exd4 4. Bc4 d6 5. O-O Be6 6. Bxe6 fxe6 7. Nxd4 Qd7 8.
Nc3 g6 9. Nxc6 bxc6 10. Qf3 Bg7 11. Bd2 Rb8 12. b3 Nf6 13. Rad1 O-O 14. Qd3 Qe7
15. Ne2 Nd7 16. Qh3 Nc5 17. f3 Be5 18. Be3 Nd7 1/2-1/2

[Event "SC Noris-Tarrasch N 1873 e.V. 3-SK Schwa"]
[Site "?"]
[Date "2013.01.27"]
[Round "1.8"]
[White "Pranschke, Gerd"]
[Black "Gstaltmeyr, Karl"]
[Result "1-0"]
[WhiteElo "1887"]
[BlackElo "1695"]
[PlyCount "51"]
[EventDate "2013.??.??"]
[WhiteTeam "SC Noris-Tarrasch N 1873 e.V. 3"]
[BlackTeam "SK Schwanstetten 79 e.V. 1"]

1. e4 d6 2. d4 c6 3. Bd3 e5 4. c3 Nf6 5. Ne2 Bg4 6. O-O h6 7. Be3 Nbd7 8. Nd2
g5 9. Qc2 Nh5 10. f3 Be6 11. c4 Ndf6 12. d5 Bd7 13. dxc6 bxc6 14. Rad1 Be7 15.
Rfe1 g4 16. f4 exf4 17. Nxf4 Nxf4 18. Bxf4 Nh5 19. Be3 Bg5 20. Nf1 Bxe3+ 21.
Nxe3 g3 22. h3 Nf4 23. Bf1 Qf6 24. Qd2 O-O-O 25. Nf5 Bxf5 26. Qxf4 1-0